[Event "Deutsche Einzelmeisterschaft 1997"] 
[Site "Gladenbach"]
[Date "1997.11.24"] 
[Round "8"]
[White "Luther,T"]
[Black "Schmaltz,R"]
[Result "1/2-1/2"] 
[WhiteElo "2525"] 
[BlackElo "2445"]

1.e4 d6 2.d4 Nf6 3.Nc3 Nbd7 4.Nf3 e5 5.Bc4 Be7 6.0-0 0-0 7.a4 c6 8.Ba2 b6
9.h3 a6 10.Qe2 Rb8 11.dxe5 dxe5 12.Rd1 Qc7 13.Nh4 Nc5 14.Nf5 b5 15.axb5 axb5
16.Bg5 b4 17.Nxe7+ Qxe7 18.Nb1 Be6 19.Qe3 Ra8 20.Bxf6 gxf6 21.Bxe6 Rxa1
22.Bf5 Rd8 23.Rxd8+ Qxd8 24.Qh6 Rxb1+ 25.Kh2 Qc7 1/2-1/2

[Event "Deutsche Einzelmeisterschaft 1997"] 
[Site "Gladenbach"]
[Date "1997.11.24"] 
[Round "8"]
[White "Gisbrecht,E"]
[Black "Kindermann,S"] 
[Result "1/2-1/2"] 
[WhiteElo "2400"]
[BlackElo "2570"]

1.Nf3 f5 2.c4 Nf6 3.g3 g6 4.Bg2 Bg7 5.0-0 0-0 6.Nc3 d6 7.d4 Qe8 8.d5 Na6
9.Nd4 Bd7 10.e4 fxe4 11.Nxe4 Nxe4 12.Bxe4 c6 13.Bg2 Nc7 14.Ne2 c5 15.a4 Na6
16.Nf4 Qc8 17.Qb3 Nb4 18.Bd2 a5 19.Rfe1 Rf7 20.Bc3 Bd4 21.Qd1 g5 22.Bxd4
cxd4 23.Ne6 Bxe6 24.dxe6 Rf6 25.Qd2 Qc5 26.Bxb7 Raf8 27.Rf1 h6 28.Rad1 d3
29.Be4 Qxc4 30.Bxd3 Qxe6 31.Bb1 d5 32.Qd4 Qd6 33.Rde1 Nc6 34.Qd3 R8f7 35.Rd1
e6 36.Qa6 e5 37.Qb6 Qb4 38.Qb5 Qxb5 39.axb5 Nb4 40.Bd3 Rc7 41.Rd2 Rc5 42.Be2
Rf8 43.Ra1 Ra8 44.Ra3 Kf8 45.Rc3 Rcc8 46.Bg4 Re8 1/2-1/2

[Event "Deutsche Einzelmeisterschaft 1997"] 
[Site "Gladenbach"]
[Date "1997.11.24"] 
[Round "8"]
[White "Zude,A"]
[Black "Keitlinghaus,L"] 
[Result "0-1"] 
[WhiteElo "2395"]
[BlackElo "2525"]

1.e4 e5 2.Nf3 Nc6 3.Bb5 Nf6 4.0-0 Nxe4 5.d4 Nd6 6.Bxc6 dxc6 7.dxe5 Nf5
8.Qxd8+ Kxd8 9.b3 h6 10.Bb2 Ke8 11.Nbd2 Bd7 12.h3 Rd8 13.Rfd1 Ne7 14.c4 Ng6
15.Ne4 Bc8 16.Rxd8+ Kxd8 17.Rd1+ Ke8 18.Ne1 b6 19.Nd3 a5 20.f3 Be6 21.Kf2
Be7 22.Ke3 h5 23.Ndf2 h4 24.f4 Rh5 25.g4 hxg3 26.Nxg3 Rh4 27.f5 Bg5+ 28.Kf3
Bxf5 29.Nxf5 Rf4+ 30.Kg2 Rxf5 31.Ng4 Nf4+ 32.Kg3 Ne6 33.Bc1 Bxc1 34.Rxc1 Ke7
35.Re1 Nc5 36.Rd1 Nd7 37.Ne3 Rxe5 38.Kf4 g5+ 39.Kf3 Nc5 40.Rd4 Ne6 41.Rd1 f5
42.Rd2 Ke8 43.Rd1 c5 44.Rd5 Nd4+ 45.Kf2 Re6 0-1

[Event "Deutsche Einzelmeisterschaft 1997"] 
[Site "Gladenbach"]  
[Date "1997.11.24"] 
[Round "8"]
[White "Teske,H"]
[Black "Gietl,T"] 
[Result "1-0"] 
[WhiteElo "2515"]
[BlackElo "2300"]

1.d4 Nf6 2.Bg5 c6 3.Bxf6 exf6 4.Nf3 d5 5.e3 Qb6 6.b3 Bg4 7.Be2 Nd7 8.0-0 Rd8
9.c4 Qa5 10.a3 dxc4 11.bxc4 Bd6 12.Nbd2 0-0 13.c5 Bb8 14.Qc2 Qc7 15.Rfc1
Rfe8 16.h3 Bh5 17.Bd3 Nf8 18.Rab1 Kh8 19.Rb4 Re7 20.Rcb1 Qc8 21.Qb3 b6
22.cxb6 Bd6 23.Ra4 axb6 24.Qxb6 Bc7 25.Qc5 Bg6 26.Qxe7 Bxd3 27.Rc1 Bb5
28.Rac4 Bd6 29.Qxf7 Bxa3 30.Ra1 Rd7 31.Qh5 Bxc4 32.Nxc4 Rd5 33.Qh4 Qa6
34.Nfd2 Ng6 35.Qe4 1-0

[Event "Deutsche Einzelmeisterschaft 1997"] 
[Site "Gladenbach"]
[Date "1997.11.24"] 
[Round "8"]
[White "Slobodjan,R"]
[Black "Seger,R"] 
[Result "1-0"] 
[WhiteElo "2550"]
[BlackElo "2340"]

1.e4 c6 2.d4 d5 3.e5 Bf5 4.Nf3 e6 5.Be2 Nd7 6.0-0 h6 7.c3 Ne7 8.Re1 Qc7
9.Nbd2 0-0-0 10.b3 g5 11.Ba3 Ng6 12.Bxf8 Rdxf8 13.Nf1 f6 14.exf6 Nxf6 15.Ng3
Ne4 16.Qc1 Nxg3 17.hxg3 e5 18.dxe5 Nxe5 19.Qe3 Nxf3+ 20.Bxf3 Qb6 21.Qe2 a5
22.c4 dxc4 23.Qxc4 Kb8 24.Re5 Bc8 25.Rf1 Rf5 26.Rxf5 Bxf5 27.Qc3 Rf8 28.g4
Bc8 29.Qg7 Qc5 30.Qxh6 Rf4 31.Qh8 Rf8 32.Qb2 Rf4 33.Rc1 Qe7 34.Qc3 a4 35.Re1
Qc7 36.Qc5 axb3 37.axb3 Qg7 38.Re8 Qa1+ 39.Kh2 Qg7 40.Re1 Qh7+ 41.Kg1 Qg7
42.Re5 Rb4 43.Rxg5 Qa1+ 44.Kh2 Rxb3 45.Qd6+ Ka7 46.Qc7 1-0

[Event "Deutsche Einzelmeisterschaft 1997"] 
[Site "Gladenbach"]
[Date "1997.11.24"] 
[Round "8"]
[White "Kersten,U"]
[Black "Bode,W"] 
[Result "1/2-1/2"] 
[WhiteElo "2330"]
[BlackElo "2400"]

1.e4 g6 2.d4 Bg7 3.Nf3 d6 4.Be2 Nf6 5.Nbd2 0-0 6.0-0 Nc6 7.c3 Re8 8.Re1 e5
9.dxe5 Nxe5 10.Nxe5 Rxe5 11.Bf3 Qe7 12.Nc4 Re6 13.Bg5 h6 14.Bxf6 Bxf6 15.Qd3
h5 1/2-1/2

[Event "Deutsche Einzelmeisterschaft 1997"] 
[Site "Gladenbach"]
[Date "1997.11.24"] 
[Round "8"]
[White "Schwing,H"]
[Black "Buhr,C"] 
[Result "1/2-1/2"] 
[WhiteElo "2315"]
[BlackElo "2340"]

1.d4 f5 2.Nc3 Nf6 3.Bg5 d5 4.Bxf6 exf6 5.e3 Be6 6.Bd3 Nc6 7.a3 Qd7 8.Nge2
0-0-0 9.Qd2 Kb8 10.0-0-0 Rc8 11.Kb1 Nd8 12.Nf4 Bf7 13.Rhe1 h5 14.f3 g5
15.Nfe2 Bh6 16.Nc1 Bg6 17.Nb3 b6 18.Ka1 Nb7 19.Qf2 Rcf8 20.Nd2 Rhg8 21.g3 c6
22.Ne2 Nd6 23.c4 f4 24.Bxg6 fxe3 25.Qxe3 Rxg6 26.cxd5 cxd5 27.Nc3 Nf5 28.Qd3
Rgg8 29.Nf1 g4 30.f4 Re8 31.Ne3 Nxe3 32.Rxe3 Rxe3 33.Qxe3 Re8 34.Qf2 f5
35.Re1 Rxe1+ 36.Qxe1 Bg7 37.Qe3 Bf6 38.Kb1 a6 39.Kc2 Kb7 40.Kd2 Kc6 41.Qd3
Kb7 42.Qe3 Qc6 43.b3 Qd7 44.Kc2 Qc6 45.Kb2 Qd7 46.Ne2 Ka7 47.Nc1 Qg7 48.Ne2
Qd7 49.Kc2 Qc6+ 50.Nc3 Qd7 51.a4 Kb7 52.Kd3 Qc6 53.Kd2 Qd7 54.Ne2 Qe7
55.Qxe7+ Bxe7 56.Kc3 a5 57.Nc1 Bb4+ 58.Kc2 Kc6 59.Nd3 Kd6 60.Ne5 1/2-1/2

[Event "Deutsche Einzelmeisterschaft 1997"] 
[Site "Gladenbach"]
[Date "1997.11.24"] 
[Round "8"]
[White "Bastian,H"]
[Black "Dittmar,P"] 
[Result "1-0"] 
[WhiteElo "2375"]
[BlackElo "2325"]

1.e4 e6 2.d4 d5 3.e5 c5 4.c3 Ne7 5.Nf3 Nec6 6.dxc5 Nd7 7.Bf4 Bxc5 8.Bd3 f6
9.exf6 Qxf6 10.Bg5 Qf7 11.Be3 Bxe3 12.fxe3 Qh5 13.Nbd2 Nc5 14.Bc2 0-0 15.0-0
Qh6 16.Qe2 a5 17.e4 b6 18.Qb5 Bd7 19.Qxb6 Qe3+ 20.Kh1 Rab8 21.Qc7 Rxb2
22.exd5 exd5 23.Rae1 Qxc3 24.Bxh7+ Kxh7 25.Ng5+ Kg6 26.Rxf8 Qxd2 27.Qd6+
Kxg5 28.Qg3+ Bg4 29.h4+ Kh5 30.Rh8+ Qh6 31.Re5+ Nxe5 32.Qxe5+ Kxh4 33.Rxh6+
gxh6 34.Qxb2 Ne4 35.Kh2 1-0

[Event "Deutsche Einzelmeisterschaft 1997"] 
[Site "Gladenbach"]
[Date "1997.11.24"] 
[Round "8"]
[White "Walter,G"]
[Black "Holzhaeuer,M"]
[Result "1-0"] 
[WhiteElo "2305"]
[BlackElo "2355"]

1.d4 Nf6 2.c4 e6 3.Nc3 Bb4 4.e3 c5 5.Bd3 Nc6 6.Nge2 cxd4 7.exd4 d5 8.cxd5
Nxd5 9.0-0 0-0 10.a3 Be7 11.Bc2 Nxc3 12.bxc3 b6 13.Qd3 g6 14.Bh6 Re8 15.Ng3
Bb7 16.f4 Qd5 17.Rf2 Rac8 18.f5 exf5 19.Nxf5 Bf8 20.Qh3 Qe6 21.Bxf8 Rxf8
22.Nh6+ Kg7 23.Rxf7+ Qxf7 24.Nxf7 Rxf7 25.Bb3 Re7 26.Rf1 Ba6 27.Bc4 Bxc4
28.Qxc8 Bxf1 29.Kxf1 Na5 30.Qd8 Kf7 31.Qd5+ Kf6 32.c4 Nb3 33.Qf3+ 1-0

[Event "Deutsche Einzelmeisterschaft 1997"] 
[Site "Gladenbach"]  
[Date "1997.11.24"] 
[Round "8"]
[White "Miltner,A"]
[Black "Puth,D"] 
[Result "1-0"] 
[WhiteElo "2410"]
[BlackElo "2300"]

1.d4 Nf6 2.Nf3 g6 3.e3 Bg7 4.b4 0-0 5.Bb2 d6 6.c4 Nbd7 7.Be2 e5 8.b5 e4
9.Nfd2 Re8 10.Nc3 Nf8 11.a4 h5 12.a5 h4 13.0-0 g5 14.a6 bxa6 15.bxa6 g4
16.Qc2 Bh6 17.g3 hxg3 18.hxg3 Bf5 19.Kg2 N8h7 20.Rh1 Bg7 21.Nb3 Ng5 22.Na5
Bd7 23.Nb5 Nh3 24.d5 Nh5 25.Nc6 Bxc6 26.dxc6 f5 27.Rad1 Qe7 28.c5 Be5
29.cxd6 cxd6 30.Bxe5 dxe5 31.Rd7 Qg5 32.Qc4+ Kh8 33.Nd6 Rf8 34.Nf7+ Rxf7
35.Qxf7 Nf6 36.Rhd1 Nxd7 37.Rxd7 Qh6 38.c7 Ng5 1-0

[Event "Deutsche Einzelmeisterschaft 1997"] 
[Site "Gladenbach"]
[Date "1997.11.24"] 
[Round "8"]
[White "Oswald,H"]
[Black "Schaller,S"] 
[Result "0-1"] 
[WhiteElo "2330"]
[BlackElo "2315"]

1.Nf3 Nf6 2.c4 e6 3.g3 d5 4.Bg2 c6 5.b3 Be7 6.0-0 0-0 7.d3 Nbd7 8.Bb2 b6
9.Nbd2 Bb7 10.Qc2 Rc8 11.Rad1 Qc7 12.Rfe1 c5 13.e3 Qb8 14.Qb1 Qa8 15.Qa1
dxc4 16.bxc4 Rfd8 17.e4 Nb8 18.Ne5 Ne8 19.Bh3 Bf6 20.Ndf3 Nc6 21.Nxc6 Rxc6
22.Bxf6 Nxf6 23.Ne5 Rc7 24.Qc1 Re7 25.Qg5 h6 26.Qh4 Ree8 27.f4 Qb8 28.g4 Qd6
29.Qf2 Nd7 30.Nxd7 Rxd7 31.Bg2 Qd4 32.Re3 Bc6 33.Rc1 Rb8 34.e5 Bxg2 35.Kxg2
b5 36.cxb5 Rxb5 37.Rc2 Rb4 38.Rf3 Qxf2+ 39.Kxf2 Rd5 40.h3 Ra4 41.Ke2 g5
42.fxg5 Rxe5+ 43.Re3 Rxg5 44.Re4 Ra3 45.Rec4 Kg7 46.R4c3 Ra5 47.Rb3 h5
48.Kf3 hxg4+ 49.hxg4 Ra4 50.Rg2 Rd5 51.Rc3 Kg6 52.Rgc2 Rad4 53.Rxc5 Rxd3+
54.Ke2 Rxc5 55.Rxc5 Ra3 56.Rc2 Kg5 57.Rc7 Rxa2+ 58.Kf3 Ra3+ 59.Kf2 f6 60.Re7
e5 61.Rg7+ Kf4 62.Rg6 Ra2+ 63.Ke1 Ke3 64.Kd1 Ra6 65.Kc2 e4 66.g5 Ra2+ 67.Kb3
Rg2 68.Rxf6 Rxg5 69.Ra6 Kd3 70.Kb4 e3 71.Rd6+ Kc2 72.Rc6+ Kd2 73.Rd6+ Ke1
74.Kc3 e2 75.Kd3 Rg3+ 0-1

[Event "Deutsche Einzelmeisterschaft 1997"] 
[Site "Gladenbach"]
[Date "1997.11.24"] 
[Round "8"]
[White "Paehtz,T,jr"]
[Black "Lampe,D"] 
[Result "0-1"] 
[WhiteElo "2135"]
[BlackElo "2295"]

1.e4 c5 2.Nf3 Nc6 3.d4 cxd4 4.Nxd4 Nf6 5.Nc3 e5 6.Ndb5 d6 7.Bg5 a6 8.Na3 Be6
9.Nc4 Rc8 10.Bxf6 gxf6 11.Ne3 Bh6 12.Ncd5 Bxe3 13.Nxe3 Qb6 14.b3 Qb4+ 15.Qd2
Qxe4 16.Bd3 Qb4 17.c3 Qa5 18.Nf5 Bxf5 19.Bxf5 Rd8 20.0-0 d5 21.f4 e4 22.Qe3
Ne7 23.Qd4 Rd6 24.Bg4 Qb6 25.Rfd1 Qxd4+ 26.cxd4 f5 27.Be2 Kd7 28.Rac1 Rc6
29.Rxc6 Nxc6 30.Kf2 Rc8 31.a3 Nd8 32.Rb1 Ne6 33.Ke3 Rc2 34.Bf1 Kd6 35.a4 h5
36.a5 h4 0-1

[Event "Deutsche Einzelmeisterschaft 1997"] 
[Site "Gladenbach"]
[Date "1997.11.25"] 
[Round "9"]
[White "Keitlinghaus,L"]
[Black "Lutz,C"] 
[Result "1/2-1/2"] 
[WhiteElo "2525"]
[BlackElo "2590"]

1.e4 c5 2.c3 d5 3.exd5 Qxd5 4.d4 Nf6 5.Nf3 Bg4 6.Be2 e6 7.h3 Bh5 8.0-0 Nc6
9.Be3 cxd4 10.Nxd4 Bxe2 11.Qxe2 Be7 12.Rd1 0-0 13.c4 Nxd4 14.Bxd4 Qe4
15.Qxe4 Nxe4 16.Nd2 Nd6 17.b3 Rfd8 18.Nf3 f6 19.Bc5 Kf7 20.Re1 Nf5 21.Bxe7
Nxe7 22.Red1 Nc6 23.Ne1 g5 24.Kf1 h5 25.Nc2 f5 26.Ke2 Kf6 27.Rxd8 Rxd8
28.Rd1 Rxd1 29.Kxd1 Ke5 30.Kd2 Nd4 31.Ne1 Kd6 32.b4 e5 33.g3 e4 34.Ke3 Nc6
35.a3 Ne5 36.Kd4 Nc6+ 37.Ke3 a5 38.f3 axb4 39.axb4 exf3 40.Nxf3 g4 41.hxg4
fxg4 42.Nd2 Nxb4 43.Ne4+ Ke5 44.Nc5 Nc2+ 45.Kf2 Na3 46.Nxb7 Nxc4 47.Nc5 Nd6
48.Nd3+ Kd4 49.Nf4 Ne4+ 50.Kg2 Nf6 51.Kf2 Kc4 52.Ne6 Kd3 53.Nf4+ Kd2 54.Ne6
Ne4+ 55.Kg2 Ke3 56.Ng7 Nf6 57.Ne6 Ne8 58.Nf4 Ng7 59.Nd5+ Kd4 60.Nf6 Ke5
61.Nd7+ Kf5 62.Nb6 Ne6 63.Nd5 Ke5 64.Ne7 Ng7 65.Ng6+ Kf5 66.Ne7+ Ke4 67.Ng8
Ne8 68.Ne7 Nf6 69.Kf2 Nd5 70.Ng6 Nb4 71.Ne7 Kd3 72.Nf5 Nd5 73.Ng7 Nf6 74.Kg2
Ke3 1/2-1/2

[Event "Deutsche Einzelmeisterschaft 1997"] 
[Site "Gladenbach"]
[Date "1997.11.25"] 
[Round "9"]
[White "Mueller,K"]
[Black "Luther,T"]
[Result "1-0"] 
[WhiteElo "2505"]
[BlackElo "2525"]

1.e4 c5 2.Nf3 Nc6 3.d4 cxd4 4.Nxd4 e6 5.Nc3 Qc7 6.Be2 a6 7.0-0 Nf6 8.Be3 Bb4
9.Nxc6 bxc6 10.f4 d5 11.e5 Nd7 12.Na4 c5 13.c3 Ba5 14.Rc1 c4 15.b4 Bb6
16.Nxb6 Nxb6 17.Qd4 Na4 18.Rc2 Bd7 19.Bd1 g6 20.g4 0-0-0 21.Rcf2 Bb5 22.Kh1
Rhe8 23.Bf3 Qd7 24.Rd2 Qc7 25.Bg2 Bc6 26.Rf3 Rh8 27.Rh3 h5 28.gxh5 gxh5
29.Bf2 Rdg8 30.Bf3 Rh6 31.Rc2 f6 32.exf6 Qh7 33.Re2 Qb1+ 34.Re1 Qf5 35.Rg3
Rxg3 36.hxg3 Rxf6 37.Kg2 h4 38.Re5 Qd3 39.Rh5 Rf8 40.Qe5 Re8 41.Rxh4 Nxc3
42.Qd6 Kb7 43.Qc5 Kc7 44.Qb6+ Kd7 45.Qa7+ Kc8 46.Rh7 1-0

[Event "Deutsche Einzelmeisterschaft 1997"] 
[Site "Gladenbach"]
[Date "1997.11.25"] 
[Round "9"]
[White "Schmaltz,R"]
[Black "Gutman,L"] 
[Result "1-0"] 
[WhiteElo "2445"]
[BlackElo "2475"]

1.e4 c5 2.Nf3 d6 3.d4 cxd4 4.Nxd4 Nf6 5.Nc3 a6 6.f4 Nc6 7.Nf3 Bg4 8.h3 Bxf3
9.Qxf3 e6 10.Be3 Rc8 11.0-0-0 Qc7 12.Kb1 b5 13.Bd3 Nb4 14.Rc1 Qa5 15.a3 Nc6
16.Bd2 Qb6 17.Rhe1 Be7 18.Be3 Qb8 19.Nd5 exd5 20.exd5 Na5 21.Bd4 Nc4 22.Rcd1
Kf8 23.g4 Ng8 24.g5 b4 25.Qe2 Qb5 26.Qe4 Qd7 27.axb4 h6 28.h4 hxg5 29.hxg5
Rh2 30.Bxc4 Rxc4 31.Bxg7+ Kxg7 32.Qxc4 Qf5 33.Rh1 Rg2 34.Rdg1 Rxg1+ 35.Rxg1
Bd8 36.Qd4+ Kf8 37.Rh1 f6 38.gxf6 Bxf6 39.Qc4 Ne7 40.Rd1 Qg4 41.Re1 Kf7
42.Qe4 Kf8 43.Ka2 Qg3 44.Re2 Qg4 45.c4 Qd7 46.Ka3 Qh3+ 47.Ka2 Qd7 48.Qc2 Qg4
49.Re4 Qf5 50.Qd3 Qg6 51.Re3 Qg4 52.c5 dxc5 53.bxc5 Qxf4 54.Re6 Qa4+ 55.Kb1
Qh4 56.Rxa6 Qh1+ 57.Ka2 Nxd5 58.Qb3 Qe4 59.Ra4 Qg2 60.Ra8+ Kg7 61.Ra7+ Kh6
62.Ra6 Qe4 63.Ra4 Qg2 64.Rc4 Qd2 65.c6 Ne3 66.Re4 Nd5 67.Rc4 Ne3 68.Rc5 Qd4
69.Rc1 Qa7+ 70.Qa3 Qf7+ 71.Ka1 Qe6 72.c7 Nc4 73.Qf8+ Kg6 74.c8Q 1-0

[Event "Deutsche Einzelmeisterschaft 1997"] 
[Site "Gladenbach"]
[Date "1997.11.25"] 
[Round "9"]
[White "Kindermann,S"]
[Black "Teske,H"] 
[Result "1/2-1/2"] 
[WhiteElo "2570"]
[BlackElo "2515"]

1.e4 c6 2.d4 d5 3.Nc3 dxe4 4.Nxe4 Bf5 5.Ng3 Bg6 6.h4 h6 7.Nf3 Nf6 8.h5 Bh7
9.Bd3 Bxd3 10.Qxd3 e6 11.Bf4 Bb4+ 12.c3 Bd6 13.Bxd6 Qxd6 14.Ne4 Nxe4 15.Qxe4
Nd7 1/2-1/2

[Event "Deutsche Einzelmeisterschaft 1997"] 
[Site "Gladenbach"]
[Date "1997.11.25"] 
[Round "9"]
[White "Maiwald,J"]
[Black "Slobodjan,R"]
[Result "0-1"] 
[WhiteElo "2450"]
[BlackElo "2550"]

1.c4 e5 2.e3 d6 3.g3 g6 4.Bg2 Bg7 5.Nc3 Ne7 6.Nge2 0-0 7.b3 c5 8.Bb2 Nbc6
9.d3 Be6 10.Nd5 Qd7 11.h3 Rab8 12.Qd2 a6 13.h4 h5 14.Nec3 b5 15.0-0 Kh8
16.Nxe7 Nxe7 17.Ne4 Qc7 18.Rac1 Qb6 19.Bc3 b4 20.Bb2 Nf5 21.Ng5 a5 22.Qd1
Qa7 23.Bf3 Bc8 24.Qe2 Qe7 25.Kg2 Nh6 26.Bd5 Qd7 27.Kg1 Qe7 28.Bg2 Bd7 29.Qd2
Nf5 30.Rfe1 Qd8 31.Rcd1 a4 32.Ne4 a3 33.Ba1 Qb6 34.Qe2 Rbe8 35.Qf1 Re7
36.Bh3 Rfe8 37.Re2 Kg8 38.Red2 Bc8 39.Ng5 Bf6 40.Ne4 Bg7 41.Qg2 Bb7 42.Qf1
Nh6 43.Bg2 Nf5 44.Kh2 Nh6 45.Qh1 f6 46.Re2 Nf7 47.Nd2 Bc8 48.Ree1 f5 49.Bd5
Bf6 50.Nf3 Kg7 51.Kg1 Qd8 52.Kf1 Nh6 53.Bc6 Rf8 54.d4 cxd4 55.exd4 e4 56.Ng5
Qb6 57.Bd5 Rfe8 58.f3 exf3 59.Qxf3 Ng4 60.Qf4 Nh2+ 61.Kf2 Ng4+ 62.Kf1 Qc7
63.Nf7 Bb7 64.Nxd6 Rxe1+ 65.Rxe1 Rxe1+ 66.Kxe1 Qe7+ 67.Kd2 Bxd5 68.cxd5 Qd7
69.Ke2 Be7 70.Nc4 Qxd5 71.Qf3 Nf6 72.Qxd5 Nxd5 73.Ne3 Nxe3 74.Kxe3 Bf6
75.Kd3 Kh6 76.Kc4 g5 77.Kxb4 f4 78.hxg5+ Kxg5 79.gxf4+ Kg4 80.Bc3 h4 81.d5
Be7+ 0-1

[Event "Deutsche Einzelmeisterschaft 1997"] 
[Site "Gladenbach"]
[Date "1997.11.25"] 
[Round "9"]
[White "Heinemann,T"]
[Black "Schmittdiel,E"] 
[Result "1/2-1/2"] 
[WhiteElo "2450"]
[BlackElo "2450"] 

1.e4 c5 2.Nf3 Nc6 3.d4 cxd4 4.Nxd4 e5 5.Nb5 d6 6.c4 Be7 7.N1c3 a6 8.Na3 Be6
9.Bd3 Bg5 10.0-0 Bxc1 11.Rxc1 Nge7 12.Nc2 0-0 13.Qd2 Qd7 14.Nd5 Rad8 15.b4
Kh8 16.a4 f5 17.b5 axb5 18.cxb5 Bxd5 19.exd5 Nb8 20.Nb4 e4 21.Bb1 Ng6 22.f3
exf3 23.Rxf3 Ne5 24.Rff1 g6 25.Nc2 Rc8 26.Nd4 b6 27.Ne6 Rxc1 28.Rxc1 Rc8
29.Rxc8+ Qxc8 30.Qh6 Qg8 31.Qg5 Nbd7 32.Qe7 h6 33.h3 Qf7 34.Qxd6 f4 35.Nd4
f3 36.Nxf3 Qf4 37.Nxe5 Qe3+ 38.Kh2 Qf4+ 39.Kg1 Qe3+ 40.Kf1 Nxe5 41.Qf8+ Kh7
42.d6 h5 43.Qf6 Qc1+ 44.Kf2 Qb2+ 45.Kg3 Qc3+ 46.Kf4 Nd3+ 47.Kg5 Qd2+ 48.Kh4
Qe1+ 49.g3 Qb4+ 50.Kg5 Qd2+ 1/2-1/2

[Event "Deutsche Einzelmeisterschaft 1997"] 
[Site "Gladenbach"]
[Date "1997.11.25"] 
[Round "9"]
[White "Bode,W"]
[Black "Gisbrecht,E"]
[Result "1/2-1/2"] 
[WhiteElo "2400"]
[BlackElo "2400"]

1.c4 c6 2.Nf3 d5 3.e3 Nf6 4.Nc3 a6 5.Be2 b5 6.b3 e6 7.0-0 Be7 8.Bb2 Nbd7
9.d4 0-0 10.Qc2 Bb7 11.c5 Qc7 12.a3 a5 1/2-1/2

[Event "Deutsche Einzelmeisterschaft 1997"] 
[Site "Gladenbach"]
[Date "1997.11.25"] 
[Round "9"]
[White "Buhr,C"]
[Black "Zude,A"] 
[Result "1/2-1/2"] 
[WhiteElo "2340"]
[BlackElo "2395"]

1.d4 Nf6 2.c4 e6 3.Nf3 b6 4.g3 Bb7 5.Bg2 Be7 6.0-0 0-0 7.Nc3 Ne4 8.Qc2 Nxc3
9.Qxc3 f5 10.Rd1 Bf6 11.Be3 Qe8 12.Qd2 d6 13.Rac1 Na6 14.Bg5 Bxg5 15.Nxg5
Bxg2 16.Kxg2 h6 17.Nf3 Rd8 18.Rc3 1/2-1/2

[Event "Deutsche Einzelmeisterschaft 1997"] 
[Site "Gladenbach"]
[Date "1997.11.25"] 
[Round "9"]
[White "Bastian,H"]
[Black "Walter,G"] 
[Result "1-0"] 
[WhiteElo "2375"]
[BlackElo "2305"]

1.e4 c5 2.Nc3 Nc6 3.g3 g6 4.Bg2 Bg7 5.d3 d6 6.Be3 e6 7.Qd2 Nge7 8.Nge2 Nd4
9.0-0 0-0 10.Rae1 Rb8 11.Nd1 b6 12.Nc1 d5 13.f3 e5 14.Nf2 Ne6 15.Bh6 d4
16.Bxg7 Nxg7 17.f4 exf4 18.Qxf4 Be6 19.e5 Nh5 20.Qd2 Nd5 21.Bxd5 Bxd5 22.Ng4
f5 23.exf6 Nxf6 24.Rxf6 Rxf6 25.Re8+ 1-0

[Event "Deutsche Einzelmeisterschaft 1997"] 
[Site "Gladenbach"]  
[Date "1997.11.25"] 
[Round "9"]
[White "Zude,E"]
[Black "Kersten,U"]
[Result "1/2-1/2"] 
[WhiteElo "2365"]
[BlackElo "2330"]

1.d4 Nf6 2.c4 e6 3.Nf3 b6 4.Nc3 Bb4 5.Bg5 Bb7 6.e3 h6 7.Bh4 g5 8.Bg3 Bxc3+
9.bxc3 d6 10.Nd2 Qe7 11.h4 Rg8 12.hxg5 hxg5 13.Qc2 Nc6 14.Be2 0-0-0 15.0-0-0
Rh8 16.Qa4 Kb8 17.Rxh8 Rxh8 18.Bf3 Qd7 19.c5 g4 20.Be2 Nh5 21.Rh1 Qc8
22.Rxh5 Rxh5 23.cxd6 cxd6 24.Nc4 Na5 25.Nxd6 Qxc3+ 26.Qc2 Rh1+ 27.Bd1 Qa3+
28.Kd2 Qb4+ 29.Kd3 Bc6 30.Nxf7+ Ka8 31.Ne5 Qa3+ 32.Kd2 Qb4+ 33.Kd3 Qa3+
34.Kd2 Qb4+ 1/2-1/2

[Event "Deutsche Einzelmeisterschaft 1997"] 
[Site "Gladenbach"]
[Date "1997.11.25"] 
[Round "9"]
[White "Dittmar,P"]
[Black "Miltner,A"]
[Result "1/2-1/2"] 
[WhiteElo "2325"]
[BlackElo "2410"]

1.d4 d6 2.c4 e5 3.Nf3 e4 4.Ng1 Nf6 5.Nc3 h6 6.e3 Qe7 7.Nge2 Bf5 8.Ng3 Bh7
9.Nd5 Nxd5 10.cxd5 Nd7 11.Qa4 a6 12.Bd2 Qd8 13.Rc1 f5 14.Be2 g6 15.f3 exf3
16.Bxf3 Bg7 17.Ne2 g5 18.Bh5+ Ke7 19.0-0 Nf6 20.Ng3 Rf8 21.Rxf5 Qd7 22.Qxd7+
Kxd7 23.Rf2 Nxh5 24.Nxh5 Rxf2 25.Kxf2 Rf8+ 26.Ke2 Bh8 27.Ng3 Bg8 28.b3 Bxd5
29.e4 Be6 30.Be3 c6 31.Rf1 Rxf1 32.Nxf1 b5 33.Nd2 Bf6 34.Kf3 h5 35.h3 g4+
36.hxg4 hxg4+ 37.Kf4 Ke7 38.e5 Bg7 39.exd6+ Kxd6 40.Ne4+ Ke7 41.Kg5 Kf7
42.Nd6+ Ke7 43.Nf5+ Kf7 1/2-1/2

[Event "Deutsche Einzelmeisterschaft 1997"] 
[Site "Gladenbach"]
[Date "1997.11.25"] 
[Round "9"]
[White "Lampe,D"]
[Black "Seger,R"] 
[Result "1/2-1/2"] 
[WhiteElo "2295"]
[BlackElo "2340"]

1.e4 c6 2.d4 d5 3.Nc3 dxe4 4.Nxe4 Bf5 5.Ng3 Bg6 6.h4 h6 7.Nf3 Nd7 8.h5 Bh7
9.Bd3 Bxd3 10.Qxd3 Qc7 11.Bd2 Ngf6 12.0-0-0 e6 13.Ne4 0-0-0 14.g3 Nxe4
15.Qxe4 Bd6 16.c4 c5 17.Bc3 1/2-1/2

[Event "Deutsche Einzelmeisterschaft 1997"] 
[Site "Gladenbach"]
[Date "1997.11.25"] 
[Round "9"]
[White "Oswald,H"]
[Black "Paehtz,T,jr"] 
[Result "1/2-1/2"] 
[WhiteElo "2330"]
[BlackElo "2135"]

1.Nf3 Nf6 2.c4 g6 3.Nc3 Bg7 4.g3 0-0 5.Bg2 d6 6.0-0 e5 7.d3 c6 8.Rb1 Re8
9.b4 d5 10.Nd2 Be6 11.b5 Nbd7 12.Ba3 Nb6 13.bxc6 bxc6 14.cxd5 cxd5 15.Nb5
Qd7 16.d4 exd4 17.Nxd4 Ne4 18.Nxe4 dxe4 19.Nxe6 Qxe6 20.Qb3 Nc4 21.Rbc1 Rec8
22.Rc2 Nxa3 1/2-1/2

[Event "Deutsche Einzelmeisterschaft 1997"] 
[Site "Gladenbach"]
[Date "1997.11.25"] 
[Round "9"]
[White "Dobierzin,O"]
[Black "Puth,D"]
[Result "1-0"]
[WhiteElo "2180"]
[BlackElo "2300"]

1.e4 c5 2.Nf3 d6 3.d4 cxd4 4.Nxd4 Nf6 5.Nc3 a6 6.Be2 e5 7.Nb3 Be7 8.0-0 0-0
9.Kh1 b5 10.a4 b4 11.Nd5 Nxd5 12.Qxd5 Ra7 13.Be3 Be6 14.Qd2 Rb7 15.a5 Qc8
16.Bd3 Kh8 17.f4 Qc6 18.Qe2 Rc8 19.Nd2 exf4 20.Bd4 Kg8 21.Rxf4 Bg5 22.Rf2
Bh4 23.Rff1 Bg5 24.Nf3 Be7 25.Qf2 Bc4 26.Nd2 Bxd3 27.Qxf7+ 1-0